Electrical engineering economics Vol 2 (Record no. 542008)
[ view plain ]
| 000 -LEADER | |
|---|---|
| fixed length control field | 00365nam a22001217a 4500 |
| 082 ## - DEWEY DECIMAL CLASSIFICATION NUMBER | |
| Classification number | 333.793231 |
| Author Mark | BOL |
| -- | MCE, L-9, p-10 |
| 245 ## - TITLE STATEMENT | |
| Title | Electrical engineering economics Vol 2 |
| Statement of responsibility, etc. | Bolton, D.J. |
| 260 ## - PUBLICATION, DISTRIBUTION, ETC. | |
| Place of publication, distribution, etc. | London |
| Name of publisher, distributor, etc. | Chapman & Hall Ltd |
| Date of publication, distribution, etc. | 1951 |
| 300 ## - PHYSICAL DESCRIPTION | |
| Extent | xi, 307 p. : |
| Other physical details | ill, |
| Dimensions | 20 cm. |
| 526 ## - STUDY PROGRAM INFORMATION NOTE | |
| Program name | 0 |
| Interest level | 0 |
| Reading level | 0 |
| Title point value | 333_793231000000000_BOL |
| 650 ## - SUBJECT ADDED ENTRY--TOPICAL TERM | |
| Topical term or geographic name entry element | MCE |
| 9 (RLIN) | 379 |
| 942 ## - ADDED ENTRY ELEMENTS (KOHA) | |
| Source of classification or shelving scheme | |
| Koha item type | Book |
| Withdrawn status | Lost status | Source of classification or shelving scheme | Damaged status | Not for loan | Permanent Location | Current Location | Date acquired | Total Checkouts | Full call number | Barcode | Date last seen | Copy number | Price effective from | Koha item type |
|---|---|---|---|---|---|---|---|---|---|---|---|---|---|---|
| Military College of Engineering (MCE) | Military College of Engineering (MCE) | 09/17/2013 | 333.793231 BOL | MCE-30085 | 09/17/2013 | 1 | 09/17/2013 | Book |
